000 00769nam a22002777a 4500
001 BR7400305
003 BR-BrBNA
005 20230928084508.0
007 ta
008 230509b bl.||||| |||| 00| 0 por d
040 _aBR-BrBNA
_bpor
_cBiblioteca Nacional de Agricultura
041 _a(Por)
072 _aS10; E50
_b9910
_b2120
090 _ 9910 BR7400305
100 1 _aPovoa, H. (ed.)
110 1 _aDepartamento Nacional do Cafe, Rio de Janeiro, GB (Brasil)
_93392
245 1 _aEstudos medicos sobre cafe
260 3 _aRio de Janeiro, GB (Brasil):
_c1944.
300 _a328 p.
500 _aBibliography p. 281-325 (683 ref.)
650 _aCAFE
650 _aMEDICINA
650 _aMEDICAMENTO
909 _a202309
_bLucia
_c55
_dLucia Elande
942 _cBK
999 _c19343
_d19343